[Event "RUS-Cup8"]
[Site "Smolensk"]
[Date "1997.??.??"]
[Round "3"]
[White "Asrian, Karen"]
[Black "Kuporosov, Viktor"]
[Result "1/2-1/2"]
[WhiteElo "2440"]
[BlackElo "2500"]

1.e4 c5 2.Nf3 e6 3.d4 cxd4 4.Nxd4 Nc6 5.Nc3 Qc7 6.Be2 a6 7.O-O Nf6 8.Be3 Bb4
9.Nxc6 dxc6 10.Na4 O-O 11.Bb6 Qf4 12.Bf3 Nd7 13.g3 Qf6 14.c3 Be7 15.Bg2 Nxb6
16.Nxb6 Rb8 17.Qf3 Bc5 18.Qxf6 gxf6 19.Na4 Be7 20.Nb6 Bc5 21.Nxc8 Rbxc8 22.Rfd1 Rfd8
23.Kf1 a5 24.Ke2 Kf8 25.Bf3 Ke7 26.Bh5 f5 27.exf5 exf5 28.Kf1 Kf6 29.a3 Bb6
30.b4 Rxd1+ 31.Rxd1 axb4 32.cxb4 Rd8 33.Rxd8 Bxd8 34.Ke2 Bb6 35.f3 Bg1 36.h3 Bd4  1/2-1/2

[Event "RUS-Cup8"]
[Site "Smolensk"]
[Date "1997.??.??"]
[Round "4"]
[White "Guliev, Logman"]
[Black "Tregubov, Pavel V"]
[Result "0-1"]
[WhiteElo "2415"]
[BlackElo "2525"]

1.e4 c5 2.Nf3 e6 3.d4 cxd4 4.Nxd4 Nc6 5.Nc3 Qc7 6.g3 a6 7.Bg2 d6 8.O-O Bd7
9.Nb3 Nf6 10.a4 Be7 11.f4 Na5 12.Nxa5 Qxa5 13.Be3 Rc8 14.g4 h5 15.gxh5 Bc6
16.Bf3 d5 17.e5 Bc5 18.Bd4 Nxh5 19.f5 exf5 20.Nxd5 Bxd5 21.Bxd5 Qb6 22.c3 Rd8
23.a5 Bxd4+ 24.cxd4 Qh6 25.Qa4+ Kf8 26.Qb4+ Kg8 27.Qxb7 Qg5+ 28.Bg2 Nf4 29.Qf3 Rh4
30.Kh1 Qh6 31.Kg1 Nxg2  0-1

[Event "RUS-Cup8"]
[Site "Smolensk"]
[Date "1997.??.??"]
[Round "6"]
[White "Mozaliov, SV."]
[Black "Newerovski, Gennadi"]
[Result "1-0"]
[WhiteElo "2275"]
[BlackElo "2370"]

1.e4 c5 2.Nf3 e6 3.d4 cxd4 4.Nxd4 Nc6 5.Nc3 Qc7 6.Be3 a6 7.f4 b5 8.Be2 Bb7
9.Bf3 d6 10.f5 Nxd4 11.Bxd4 e5 12.Be3 Nf6 13.O-O Be7 14.a3 Rc8 15.Rf2 O-O
16.Rd2 h6 17.Qe1 Qb8 18.Bf2 Rc4 19.Bh4 Rfc8 20.Rad1 b4 21.axb4 Rxb4 22.Bxf6 Bxf6
23.Rxd6 Rxb2 24.R6d3 Rxc2 25.Nd5 Bxd5 26.Rxd5 Qa7+ 27.Kh1 R8c7 28.h3 R2c5
29.R5d3 a5 30.Ra3 a4 31.Rda1 Rc4 32.Qd1 Rd7 33.Rd3 Rcd4 34.Rxd4 Rxd4 35.Qc2 Qa5
36.Qc8+ Rd8 37.Qc2 a3 38.Qb3 Ra8 39.Bh5 Ra7 40.Be2 Be7 41.Bc4 Bg5 42.Bd5 Qc5
43.Qb8+ Kh7 44.Qb3 Qc7 45.Kh2 Qe7 46.g3 h5 47.h4 Bf6 48.Kh3 g6 49.fxg6+ fxg6
50.Ra2 Qc5 51.Kg2 Bd8 52.Rc2  1-0

[Event "RUS-Cup8"]
[Site "Smolensk"]
[Date "1997.??.??"]
[Round "7"]
[White "Korneev, Oleg"]
[Black "Kuporosov, Viktor"]
[Result "1/2-1/2"]
[WhiteElo "2590"]
[BlackElo "2500"]

1.e4 c5 2.Nf3 e6 3.d4 cxd4 4.Nxd4 Nc6 5.Nc3 Qc7 6.Be3 a6 7.Bd3 Nf6 8.O-O Bd6
9.f4 Nxd4 10.e5 Bxe5 11.fxe5 Qxe5 12.Qd2 b5 13.Rxf6 gxf6 14.Be4 Nf5 15.Bxf5 Qxf5
16.Rf1 Qg6 17.Qd6 Bb7 18.Rf2 Rc8 19.Rd2 Bc6 20.Bc5 Kd8 21.a4 b4 22.Bb6+ Ke8
23.Bc5 Kd8 24.Qe7+ Kc7 25.Rxd7+ Bxd7 26.Qd6+ Kd8 27.Qe7+ Kc7 28.Qd6+ Kd8
29.Qe7+ Kc7  1/2-1/2

[Event "RUS-Cup8"]
[Site "Smolensk"]
[Date "1997.??.??"]
[Round "8"]
[White "Bitman, Alexander R"]
[Black "Newerovski, Gennadi"]
[Result "1-0"]
[WhiteElo "2250"]
[BlackElo "2370"]

1.e4 c5 2.Nf3 e6 3.d4 cxd4 4.Nxd4 Nc6 5.Nc3 Qc7 6.Be3 a6 7.Bd3 Nf6 8.O-O Ne5
9.h3 Bc5 10.f4 Nc6 11.e5 Nxe5 12.fxe5 Qxe5 13.Qe2 Bxd4 14.Bxd4 Qxd4+ 15.Kh1 O-O
16.Rad1 Qh4 17.Qe5 b5 18.Qc7 Nh5 19.Kh2 Qd8 20.Qe5 Nf6 21.Rxf6 gxf6 22.Bxh7+ Kxh7
23.Qh5+ Kg7 24.Qg4+ Kh7 25.Qh4+ Kg7 26.Qg3+ Kh7 27.Rd4 f5 28.Rh4+ Qxh4 29.Qxh4+ Kg6
30.Ne4 f6 31.Nd6 Kg7 32.Qg3+ Kh7 33.Qf3 Ra7 34.Qh5+ Kg7 35.Ne8+ Rxe8 36.Qxe8 Rc7
37.h4  1-0

[Event "RUS-Cup8"]
[Site "Smolensk"]
[Date "1997.??.??"]
[Round "9"]
[White "Zaitsev, Igor A"]
[Black "Kuporosov, Viktor"]
[Result "1/2-1/2"]
[WhiteElo "2450"]
[BlackElo "2500"]

1.e4 c5 2.Nf3 e6 3.Nc3 Nc6 4.d4 cxd4 5.Nxd4 Qc7 6.Be3 a6 7.Bd3 b5 8.Qe2 Nf6
9.O-O Bb7 10.a3 Ne5 11.h3 Bc5 12.f4 Nc4 13.Bxc4 bxc4 14.e5 Nd5 15.Nxd5 Bxd5  1/2-1/2

[Event "White Nights op"]
[Site "St Petersburg"]
[Date "1997.??.??"]
[Round "?"]
[White "Petrov, Anton"]
[Black "Nadezhdin, Dmitry"]
[Result "1-0"]
[WhiteElo "2375"]
[BlackElo "2210"]

1.e4 c5 2.Nf3 e6 3.d4 cxd4 4.Nxd4 Nc6 5.Nc3 a6 6.Be2 Nge7 7.Be3 Nxd4 8.Bxd4 Nc6
9.a4 Nxd4 10.Qxd4 Qa5 11.O-O Qc5 12.Qd2 Be7 13.Kh1 O-O 14.f4 d6 15.Bf3 Rb8
16.Rfd1 b6 17.Ne2 Bb7 18.Ra3 Rbc8 19.Rc3 Qf2 20.Rb3 Rc4 21.Qd3 Qc5 22.Rxb6 Bxe4
23.Bxe4 Rxe4 24.Rxa6 d5 25.g3 Qb4 26.b3 Qb7 27.Nc3 Rb4 28.Na2 Re4 29.Qb5 Qxb5
30.axb5 Rb8 31.Rc6 Re3 32.b6 g6 33.Nc3 Bd8 34.Na4 Kf8 35.Nc5 Ke7 36.b7 Rc3
37.Na6 Rxc6 38.Nxb8 Rb6 39.Nc6+  1-0

[Event "St Petersburg-B"]
[Site "St Petersburg"]
[Date "1997.??.??"]
[Round "11"]
[White "Petrov, Anton"]
[Black "Yemelin, Vasily"]
[Result "0-1"]
[WhiteElo "2375"]
[BlackElo "2500"]

1.e4 c5 2.Nf3 e6 3.d4 cxd4 4.Nxd4 Nc6 5.Nc3 Qc7 6.Be2 Nf6 7.O-O Be7 8.Kh1 d6
9.f4 a6 10.Be3 Bd7 11.Nb3 b5 12.a3 O-O 13.Bf3 Rfd8 14.g4 Be8 15.g5 Nd7 16.Bg2 Nb6
17.Bxb6 Qxb6 18.f5 a5 19.f6 Bf8 20.Rf3 a4 21.Nc1 g6 22.Rh3 b4 23.axb4 Nxb4
24.Nd3 Nxd3 25.Qxd3 Qxb2 26.Rb1 Qa3 27.Qg3 Qc5 28.Rf1 Ra5 29.Nd5 exd5 30.Rf4 Bd7
31.Rxh7 Kxh7 32.Bh3 Rb5  0-1

[Event "St Petersburg-B"]
[Site "St Petersburg"]
[Date "1997.??.??"]
[Round "13"]
[White "Petrov, Anton"]
[Black "Kochyev, Alexander"]
[Result "1/2-1/2"]
[WhiteElo "2375"]
[BlackElo "2435"]

1.e4 c5 2.Nf3 e6 3.d4 cxd4 4.Nxd4 Nc6 5.Nc3 a6 6.Be2 Nge7 7.Be3 b5 8.O-O Bb7
9.Nb3 Ng6 10.f4 Be7 11.Nc5 Qc7 12.Nxb7 Qxb7 13.Bf3 O-O 14.g3 Rad8 15.Qe2 Qc7
16.Qf2 Rb8 17.Rad1 d6 18.Ne2 Bf6 19.c3 Rfd8 20.h4 Na5 21.h5 Nf8 22.g4 Nc4
23.g5 Nxe3 24.Qxe3 Be7 25.Kh1 Qc5 26.Qd2 b4 27.c4 b3 28.axb3 Rxb3 29.Nd4 Rb6
30.Qc3 Rc8 31.b3 g6 32.h6 e5 33.Nc2 Rcb8 34.b4 Qc8 35.Kh2 a5 36.Rb1 axb4
37.Rxb4 Qc5 38.Rxb6 Qxb6 39.Rg1 Qb2 40.Qxb2 Rxb2 41.Rg2 exf4 42.Nd4 Rxg2+
43.Kxg2 Ne6 44.Nxe6 fxe6 45.e5 dxe5 46.c5 Kf7 47.c6 Ke8 48.Bg4 e4 49.Bxe6 Kd8
50.Bg8 Bxg5 51.Bxh7 f3+ 52.Kf2  1/2-1/2

[Event "Stockholm"]
[Site "Stockholm"]
[Date "1997.??.??"]
[Round "9"]
[White "Rytshagov, Mikhail"]
[Black "Sjoberg, Mats"]
[Result "1-0"]
[WhiteElo "2525"]
[BlackElo "2420"]

1.e4 c5 2.Nf3 e6 3.d4 cxd4 4.Nxd4 Nc6 5.Nc3 Qc7 6.Be2 a6 7.O-O b5 8.Nxc6 dxc6
9.f4 Bc5+ 10.Kh1 Ne7 11.e5 Nf5 12.Ne4 Be7 13.c3 Bb7 14.Qe1 c5 15.Bf3 Rd8
16.Be3 Rd3 17.Bf2 O-O 18.a4 Bd5 19.axb5 axb5 20.Qb1 c4 21.Rd1 Rxd1+ 22.Qxd1 Qc6
23.Qe1 Ra8 24.Nd2 Rxa1 25.Qxa1 Bxf3 26.Nxf3 Qe4 27.Qa6 g5 28.fxg5 Qb1+ 29.Bg1 Qxb2
30.Qa8+ Kg7 31.g4 Qxc3 32.gxf5 exf5 33.e6 f6 34.gxf6+ Bxf6 35.e7  1-0

[Event "Svetlogorsk op (Women)"]
[Site "Svetlogorsk"]
[Date "1997.??.??"]
[Round "5"]
[White "Dabrowska, Krystyna"]
[Black "Stepovaia Dianchenko, Tatiana"]
[Result "0-1"]
[WhiteElo "2250"]
[BlackElo "2350"]

1.e4 c5 2.Nf3 Nc6 3.d4 cxd4 4.Nxd4 e6 5.Nc3 Qc7 6.Be2 a6 7.O-O Nf6 8.Kh1 Nxd4
9.Qxd4 Bc5 10.Qd3 b5 11.f4 h5 12.Be3 Ng4 13.Bxc5 Qxc5 14.Bxg4 hxg4 15.e5 Bb7
16.Ne4 Bxe4 17.Qxe4 Rc8 18.c3 f5 19.Qd3 g5 20.Rad1 Rh6 21.Qd4 Qxd4 22.Rxd4 gxf4
23.Rdxf4 Ke7 24.Kg1 Rch8 25.Rd4 Rxh2 26.Kf2 Rh1 27.Rxh1 Rxh1 28.Rd6 Rb1 29.Rd2 a5
30.a3 Kd8 31.Rc2 Rd1 32.c4 bxc4 33.Rxc4 Rd5 34.b4 axb4 35.Rxb4 Rxe5 36.Rb3 Re4
37.Rc3 d6 38.Rb3 Kc7 39.Rc3+ Kd7 40.Rb3 e5 41.Rc3 Ke6 42.Rb3 Rc4 43.Rb2 f4
44.Ra2 g3+ 45.Kf3 Kf5 46.a4 e4+ 47.Ke2 Kg4 48.a5 f3+ 49.Ke3 f2 50.Ra1 d5
51.a6 Ra4 52.Rd1 Rxa6 53.Ke2 Kf4 54.Rb1 Rh6 55.Rb8 Rh1 56.Rf8+  0-1

[Event "SVK-chT3a 9697"]
[Site "?"]
[Date "1997.??.??"]
[Round "4"]
[White "Petrik, Stanislav"]
[Black "Harasta, Vladimir"]
[Result "0-1"]
[WhiteElo "2185"]
[BlackElo "2160"]

1.e4 c5 2.Nf3 e6 3.d4 cxd4 4.Nxd4 Nc6 5.Nc3 d6 6.Be3 Nf6 7.Be2 Be7 8.Qd2 O-O
9.O-O-O Bd7 10.f4 Nxd4 11.Qxd4 Bc6 12.Bf3 Qa5 13.e5 dxe5 14.Qxe5 Bb4 15.Bxc6 bxc6
16.Qxa5 Bxa5 17.Bd4 Bxc3 18.Bxc3 Ne4 19.Bd4 Rfd8 20.Rhe1 f5 21.Rd3 Rd5 22.Red1 c5
23.Be3 Rad8 24.b3 Nc3 25.Rxd5 exd5 26.Rd3 Nxa2+ 27.Kb2 Nb4 28.Rd1 d4 29.Bd2 Nc6
30.Ra1 Kf7 31.h3 Ke6 32.g4 g6 33.Rg1 Rf8 34.Re1+ Kd5 35.gxf5 Rxf5 36.Re8 Rh5
37.Rf8 Rxh3 38.Rf7 Rh2 39.Kc1 Ke6 40.Rc7 Kd5 41.Rf7 Ke6 42.Rc7 Rh1+ 43.Kb2 Kd6
44.Rf7 Rd1 45.Bc1 Rh1 46.Bd2 Ne7 47.c4 Ke6 48.Rf8 h5 49.b4 Rh2 50.Kc1 cxb4
51.Bxb4 Nc6 52.Bd2 h4 53.Re8+ Kf5 54.Rc8 Ne7 55.Rf8+ Ke4 56.Re8 Kd3 57.Rxe7 Rxd2
58.Rxa7 Rc2+ 59.Kd1 Rf2 60.Ke1 Rxf4 61.c5 Rf5 62.c6 Rc5 63.c7 Ke3 64.Kd1 g5
65.Ra5 Rxc7 66.Rxg5 Rh7 67.Ke1 h3 68.Rg3+ Kf4 69.Rg1 h2  0-1

[Event "SVK-chT1W 9798"]
[Site "SVK"]
[Date "1997.??.??"]
[Round "?"]
[White "Kasas, L."]
[Black "Krajnak, Robert"]
[Result "1/2-1/2"]
[WhiteElo "2130"]
[BlackElo "2190"]

1.e4 c5 2.Nf3 e6 3.d4 cxd4 4.Nxd4 Nc6 5.Nc3 d6 6.Bc4 a6 7.Bb3 Nxd4 8.Qxd4 Ne7
9.Bg5 Nc6 10.Qd2 Be7 11.Bxe7 Qxe7 12.O-O-O O-O 13.Qxd6 Qg5+ 14.Qd2 Qxg2 15.Rhg1 Qxh2
16.Rxg7+ Kxg7 17.Qg5+ Kh8 18.Qf6+  1/2-1/2

[Event "SVK-chT1W 9798"]
[Site "SVK"]
[Date "1997.??.??"]
[Round "?"]
[White "Pinter, Erik"]
[Black "Harasta, Vladimir"]
[Result "0-1"]
[WhiteElo "2030"]
[BlackElo "2170"]

1.e4 c5 2.Nf3 e6 3.d4 cxd4 4.Nxd4 Nc6 5.Nc3 d6 6.Be3 Nf6 7.f3 Be7 8.Qd2 O-O
9.g4 a6 10.g5 Nd7 11.h4 Nde5 12.Qf2 Qc7 13.O-O-O b5 14.Nxc6 Qxc6 15.h5 f5
16.g6 h6 17.Qg2 Bb7 18.Ne2 fxe4 19.Nd4 exf3 20.Qd2 Qe4 21.Nxe6 Ng4 22.Nxf8 Kxf8
23.Bf4 Nf2 24.Re1 Qf5 25.Rxe7 Kxe7 26.Qxd6+ Ke8 27.Bxb5+ axb5 28.Re1+ Ne4
29.Bxh6 gxh6 30.g7 Qg5+ 31.Kb1 Qxg7 32.Qe6+ Qe7 33.Qg8+ Kd7 34.Qg4+ Kc7 35.Qf4+ Kb6
36.Qe3+ Ka6 37.Qa3+ Qxa3 38.bxa3 Rd8  0-1

[Event "SVK-chT1W 9798"]
[Site "SVK"]
[Date "1997.??.??"]
[Round "?"]
[White "Pinter, Erik"]
[Black "Krajnak, Robert"]
[Result "1/2-1/2"]
[WhiteElo "2030"]
[BlackElo "2190"]

1.e4 c5 2.Nf3 e6 3.d4 cxd4 4.Nxd4 Nc6 5.Nc3 d6 6.Be3 Bd7 7.Bd3 Nf6 8.f4 a6
9.Nxc6 Bxc6 10.Bd4 b5 11.Qf3 b4 12.Ne2 d5 13.e5 Ne4 14.Ng3 Nxg3 15.hxg3 Qa5
16.O-O Bc5 17.Bxc5 Qxc5+ 18.Kh2 g6 19.g4 h5 20.g5 Bb5 21.a3 Ke7 22.axb4 Qxb4
23.Ra3 Qxb2 24.Rb3 Qd4 25.Bxb5 axb5 26.Rxb5 Rhb8 27.Qb3 Rxb5 28.Qxb5 Kf8
29.Qd3 Ra4 30.Qxd4 Rxd4 31.Kg3 Rc4 32.Rf2 Rc3+ 33.Kh4 Ke7 34.g4 hxg4 35.Kxg4 Kd7
36.Rh2 Rc7 37.Kf3 Kc6 38.Ke3 Kc5 39.Rh7 Ra7 40.Rg7 Kc4 41.Kf3 Rd7 42.Rg8 Kc3
43.Rc8+ Kd2 44.Rc6 Ra7 45.Rc8 Ra3+ 46.Kf2 Rc3 47.Rg8 Kxc2 48.Rg7 d4 49.Rxf7 d3
50.Rd7 Rc5 51.Rd6 Rc4 52.Rxe6 d2 53.Rd6 Re4 54.Rc6+ Kd3 55.Rd6+ Kc2 56.Rc6+ Kd3  1/2-1/2

[Event "SVK-chT1W 9798"]
[Site "SVK"]
[Date "1997.??.??"]
[Round "?"]
[White "Farkas, Juraj"]
[Black "Harasta, Vladimir"]
[Result "0-1"]
[WhiteElo "1965"]
[BlackElo "2170"]

1.e4 c5 2.Nf3 e6 3.d4 cxd4 4.Nxd4 Nc6 5.Nc3 d6 6.Be3 Nf6 7.g4 Nxd4 8.g5 Nxe4
9.Qxd4 Nxc3 10.Qxc3 Bd7 11.O-O-O Rc8 12.Qb3 b6 13.f4 Be7 14.h4 O-O 15.Bh3 Qc7
16.h5 Qc4 17.g6 f5 18.gxh7+ Kxh7 19.Bd4 Rf7 20.Rhg1 Qxb3 21.axb3 Bc6 22.Rg6 Bd5
23.Rdg1 Bf6 24.Bxf6 gxf6 25.Kd2 a5 26.Bf1 Be4 27.c3 Rcc7 28.Bc4 d5 29.Bb5 Rce7
30.h6 Bf3 31.R6g3 Bg4 32.Rh1 Rf8 33.Bd3 Kh8 34.Ke3 Rd8 35.Rh2 e5 36.Bc2 d4+
37.cxd4 exf4+  0-1

[Event "SVK-chT 9798"]
[Site "SVK"]
[Date "1997.??.??"]
[Round "4"]
[White "Felcir, Jaroslav"]
[Black "Turna, Stefan"]
[Result "1-0"]
[WhiteElo "2175"]
[BlackElo "2290"]

1.e4 c5 2.Nf3 e6 3.Nc3 Nc6 4.d4 cxd4 5.Nxd4 Nf6 6.Nxc6 bxc6 7.e5 Nd5 8.Ne2 Ba6
9.Qd4 f5 10.exf6 Qxf6 11.Qxf6 gxf6 12.b3 Rg8 13.a3 Bd6 14.c4 Be5 15.Rb1 Nc3
16.Nxc3 Bxc3+ 17.Bd2 Bd4 18.Be3 Bxe3 19.fxe3 c5 20.g3 Bb7 21.Rg1 Be4 22.Rb2 Rb8
23.Kd2 a5 24.Kc3 Ke7 25.Bd3 Bxd3 26.Kxd3 h5 27.Rf1 Rg4 28.Rf4 Rbg8 29.Rbf2 f5
30.e4 fxe4+ 31.Kxe4 Rb8 32.Rb2 a4 33.Kd3 d5 34.cxd5 exd5 35.Kc3 d4+ 36.Kc4 axb3
37.Kxc5 Rg5+ 38.Kc4 Ra5 39.Rxb3 Ra4+ 40.Rb4 Raxb4+ 41.axb4 Rc8+ 42.Kd3 Ke6
43.Rxd4 Ke5 44.Rh4 Rh8 45.b5 Kf5 46.b6 Kg5 47.Kc4 Re8 48.Kc5 Re5+ 49.Kc6 Re2
50.Rb4  1-0

[Event "SVK-chT 9697"]
[Site "SVK"]
[Date "1997.??.??"]
[Round "5"]
[White "Oral, Tomas"]
[Black "Priehoda, Vitezslav"]
[Result "1-0"]
[WhiteElo "2470"]
[BlackElo "2400"]

1.e4 c5 2.Nf3 e6 3.d4 cxd4 4.Nxd4 Nc6 5.Nc3 Qc7 6.Be3 a6 7.Bd3 Nf6 8.O-O Bd6
9.h3 Bf4 10.Bxf4 Qxf4 11.Nxc6 dxc6 12.Qe2 e5 13.a4 Be6 14.a5 Rd8 15.Na4 O-O
16.Rfd1 h5 17.Nc5 Bc8 18.Bc4 Qg5 19.Qf3 Rd4 20.Be2 Rfd8 21.Qe3 Rxd1+ 22.Rxd1 Rxd1+
23.Bxd1 Qxe3 24.fxe3 Kf8 25.Kf2 Ke7 26.Kg3 g5 27.h4 g4 28.b4 Ne8 29.Kf2 Nc7
30.g3 Ne6 31.Nd3 Kd6 32.c3 Nc7 33.Ke1 f6 34.Kd2 Ne6 35.Bb3 Ng7 36.Nc5 Ke7
37.Ke2 Ne8 38.Bc2 Nd6 39.Bb3 Bd7 40.Kd3 Be8 41.Ke2 Bg6 42.Bc2 Kd8 43.Bd3 Bf7
44.Kd2 Kc7 45.Ke2 Ne8 46.Kd2 Ng7 47.Kc2 Be8 48.Bc4 Bg6 49.Kd2 Ne8 50.Ne6+ Kc8
51.Nc5 Nd6 52.Bd3 Be8 53.Ke2 Bd7 54.Kd2 Kc7 55.Kc2 Bc8 56.Kd2 Ne8 57.Bc4 Ng7
58.Bf7 b6 59.axb6+ Kxb6 60.Bc4 f5 61.Bd3 fxe4 62.Nxe4 Ne8 63.Nc5 Nf6  1-0

[Event "SVK-chT 9697"]
[Site "SVK"]
[Date "1997.??.??"]
[Round "9"]
[White "Ciganikova, Andrea"]
[Black "Papanetz, Peter"]
[Result "1-0"]
[WhiteElo "2105"]
[BlackElo "2260"]

1.e4 c5 2.Nf3 Nc6 3.Nc3 e6 4.d4 cxd4 5.Nxd4 Nf6 6.a3 d6 7.Be3 Bd7 8.Be2 Nxd4
9.Qxd4 Bc6 10.Rd1 Qa5 11.O-O Be7 12.b4 Qe5 13.Qxe5 dxe5 14.f3 O-O 15.Na2 Ba4
16.Rd2 Rfd8 17.Rxd8+ Rxd8 18.c4 a6 19.Nc3 Bc2 20.Kf2 Kf8 21.Rc1 Bd3 22.Rd1 Bxe2
23.Rxd8+ Bxd8 24.Kxe2 Nd7 25.Kd3 Ke8 26.c5 Nb8 27.Kc4 Kd7 28.a4 Bc7 29.Na2 Bd8
30.Nc1 Nc6 31.Nb3 Bc7 32.h3 h5 33.Bd2 Ne7 34.b5 axb5+ 35.axb5 Ng6 36.g3 f5
37.Bg5 f4 38.b6 fxg3 39.bxc7 Nf4 40.Bxf4 exf4 41.Nd4 g2 42.Ne2 Kxc7 43.Kb5 g5
44.e5 g4 45.hxg4 hxg4 46.Ng1  1-0

[Event "SVK-chT 9697"]
[Site "SVK"]
[Date "1997.??.??"]
[Round "9"]
[White "Kriz, Mario"]
[Black "Banas, Jan"]
[Result "0-1"]
[WhiteElo "2160"]
[BlackElo "2390"]

1.e4 c5 2.Nf3 e6 3.Nc3 Nc6 4.d4 cxd4 5.Nxd4 a6 6.Be2 Qc7 7.Be3 Nf6 8.O-O Be7
9.Kh1 O-O 10.f4 d6 11.Qe1 Na5 12.Rd1 Nc4 13.Bc1 b5 14.b3 Nb6 15.a3 Bb7 16.Bd3 Rac8
17.Bb2 Nbd7 18.Qe2 Rfd8 19.Nf3 d5 20.e5 Ne4 21.Nb1 Qb6 22.b4 Qc7 23.Nd4 g6
24.Nd2 Nb6 25.Nxe4 dxe4 26.Bxe4 Bxe4 27.Qxe4 Na4 28.Ba1 Nc3 29.Bxc3 Qxc3
30.Rd3 Qc4 31.Rfd1 Rd5 32.g4 Bd8 33.c3 Bb6 34.h4 Qa2 35.Nf3 Rxc3 36.Rxd5 exd5
37.Qxd5 Qxd5 38.Rxd5 Rxf3 39.Rd6 Be3 40.Rxa6 Rxf4 41.e6 fxe6 42.Rxe6 Bc1
43.Re5 Bxa3 44.Rxb5 Bxb4 45.Rb8+ Bf8 46.h5 Rxg4 47.hxg6 hxg6 48.Rb7 Bg7 49.Rd7 Kh7
50.Rb7 Kh6 51.Rc7 Ra4 52.Rb7 Ra2 53.Rc7 g5 54.Rc4 Kh5 55.Rc7 Be5 56.Rc4 Bf4
57.Rc3 Kh4 58.Rd3 g4 59.Rb3 Rc2 60.Kg1 g3 61.Kh1 Kh3  0-1

[Event "Piatka op"]
[Site "Swidnica"]
[Date "1997.??.??"]
[Round "?"]
[White "Onoprienko, Vladimir"]
[Black "Fominyh, Alexander"]
[Result "1/2-1/2"]
[WhiteElo "2295"]
[BlackElo "2545"]

1.e4 c5 2.Nc3 Nc6 3.Nf3 e6 4.d4 cxd4 5.Nxd4 a6 6.Nxc6 bxc6 7.Bd3 d5 8.O-O Nf6
9.Qe2 Be7 10.b3 O-O 11.Bb2 c5 12.Rad1 Bb7 13.exd5 exd5 14.Rfe1 Re8 15.Qf3 Qc7
16.Qh3 g6 17.Na4 Nh5 18.Bf1 Bf6 19.Bxf6 Nxf6 20.Qg3 Qxg3 21.hxg3 Nd7 22.Be2 Bc6
23.Bf3 Rxe1+ 24.Rxe1 Rc8 25.Nc3 Nf6 26.Re7 d4 27.Bxc6 Rxc6 28.Ne4 Kf8 29.Re5 Nd7
30.Rd5 Ke7 31.f4 f5 32.Nf2 Ke6 33.c4 Rd6 34.Rxd6+ Kxd6 35.g4 Nf6 36.g5 Nh5
37.Nd3 Ng3 38.Kf2 Ne4+ 39.Kf3 Nc3 40.a4 a5 41.Kf2 Ne4+ 42.Ke2  1/2-1/2

[Event "SWZ-chT9697"]
[Site "SWZ"]
[Date "1997.??.??"]
[Round "?"]
[White "Franzoni, Giancarlo"]
[Black "Nemet, Ivan"]
[Result "1-0"]
[WhiteElo "2455"]
[BlackElo "2410"]

1.e4 c5 2.Nc3 Nc6 3.Nf3 e6 4.d4 cxd4 5.Nxd4 Qc7 6.g3 a6 7.Bg2 Nf6 8.O-O Bc5
9.Nxc6 bxc6 10.Na4 Ba7 11.c4 d6 12.b3 O-O 13.Ba3 Rd8 14.Qe1 Bd4 15.Rd1 e5
16.Bb4 a5 17.Bd2 h6 18.h3 d5 19.exd5 cxd5 20.Bc3 Bd7 21.Bxd4 exd4 22.Qe7 Rac8
23.Rxd4 Bxa4 24.Qxc7 Rxc7 25.bxa4 Rxc4 26.Rxc4 dxc4 27.Rc1 Rc8 28.Kf1 Nd7
29.Ke1 Nc5 30.Bf1 Re8+ 31.Kd1 Nxa4 32.Bxc4 Nb2+ 33.Kd2 Rd8+ 34.Ke2 Rd4 35.Bb3 Rd7
36.Rc2 Re7+ 37.Kf1 a4 38.Rxb2 axb3 39.axb3 Rb7 40.b4 Kf8 41.Ke2 Ke7 42.Kd3 Kd6
43.Kc4  1-0

[Event "SWZ-chT9697"]
[Site "SWZ"]
[Date "1997.??.??"]
[Round "?"]
[White "Campora, Daniel H"]
[Black "Kaenel, Hansjuerg"]
[Result "1/2-1/2"]
[WhiteElo "2555"]
[BlackElo "2345"]

1.e4 c5 2.Nf3 e6 3.d4 cxd4 4.Nxd4 Nc6 5.Nc3 Qc7 6.g3 a6 7.Bg2 d6 8.O-O Bd7
9.Re1 Be7 10.Nxc6 Bxc6 11.a4 Nf6 12.a5 O-O 13.Be3 Nd7 14.Na4 Rac8 15.Nb6 f5
16.Nxd7 Qxd7 17.Qd3 fxe4 18.Bxe4 Bxe4 19.Qxe4 Rf5 20.Bb6 Bf6 21.c3 Re5 22.Qd3 Rxe1+
23.Rxe1 Bd8 24.Bxd8 Rxd8 25.Re4 d5 26.Rh4 g6 27.Qe3 Rc8 28.Rb4 Rc4 29.Rxc4 dxc4
30.Qc5 Qc6 31.Qe5 h5 32.h4 Kf7 33.Kf1 Qh1+ 34.Ke2 Qc6 35.Ke3 b5 36.Qf4+ Ke7
37.Qe4 Qc5+ 38.Qd4 Qf5 39.Qe4 Qc5+ 40.Ke2 Kf6 41.f3 Qg1 42.Qf4+  1/2-1/2

[Event "SWZ-chT9697"]
[Site "SWZ"]
[Date "1997.??.??"]
[Round "?"]
[White "Huebner, Robert"]
[Black "Begovac, Franja"]
[Result "1-0"]
[WhiteElo "2600"]
[BlackElo "2425"]

1.e4 c5 2.Nf3 Nc6 3.d4 cxd4 4.Nxd4 e6 5.Nc3 a6 6.Nxc6 bxc6 7.Bd3 d5 8.O-O Nf6
9.Re1 Be7 10.e5 Nd7 11.Na4 a5 12.Qg4 g6 13.Bh6 Bf8 14.Bxf8 Kxf8 15.c4 Ba6
16.Qd4 Kg7 17.Rac1 Qb8 18.b3 Qb4 19.Qe3 Rhc8 20.h4 h5 21.g3 Bb7 22.Qg5 Re8
23.Re2 Qe7 24.cxd5 exd5 25.Qxe7 Rxe7 26.f4 Ba6 27.Nb2 Re6 28.Rec2 Bb7 29.Bf1 f6
30.Bh3 f5 31.Na4 Kf8 32.Kf2 Ke7 33.Ke3 Kd8 34.Bg2 Ra7 35.Kd4 Ra6 36.Kc3 Ra8
37.Kb2 Ra6 38.Ka3 Ra8 39.Nc5 Nxc5 40.Rxc5 a4 41.b4 Rc8 42.Ra5 Re7 43.Kxa4 Rd7
44.Kb3 d4 45.Bf1 d3 46.Rd1 c5 47.Rxc5 Bd5+ 48.Kc3 Ra8 49.Rxd3 Ra3+ 50.Kb2 Rxa2+
51.Kb1  1-0

[Event "SWZ-chT9697"]
[Site "SWZ"]
[Date "1997.??.??"]
[Round "?"]
[White "Maier, Christian"]
[Black "Begovac, Franja"]
[Result "1/2-1/2"]
[WhiteElo "2360"]
[BlackElo "2425"]

1.e4 c5 2.Nf3 Nc6 3.d4 cxd4 4.Nxd4 e6 5.Nc3 a6 6.Be3 Nf6 7.Bd3 d5 8.exd5 exd5
9.O-O Bd6 10.Re1 O-O 11.h3 h6 12.Nxc6 bxc6 13.Bd4 Be6 14.Qf3 Nd7 15.b4 Qh4
16.Ne2 Bxb4 17.c3 Bd6 18.Bc2 c5 19.Qd3 g6 20.Be3 Ne5 21.Qd1 Nc4 22.Ng3 Rfe8
23.Rb1 Rad8 24.Ba4 Rf8 25.Bc6 Bxh3 26.Bxd5 Nxe3 27.Rxe3 Bxg3 28.Rxg3 Bf5
29.Rb7 Qc4 30.Bxc4 Rxd1+ 31.Kh2 Rd2 32.f4 h5 33.Re3 h4 34.Ree7 h3 35.Bxf7+ Rxf7
36.Rxf7 Rxg2+ 37.Kh1 Re2 38.Rxf5 gxf5 39.Rc7 Re4 40.Rxc5 Rxf4 41.Kh2 Rf3
42.Rc7 Kf8 43.a4  1/2-1/2

[Event "SWZ-chT9697"]
[Site "SWZ"]
[Date "1997.??.??"]
[Round "?"]
[White "Milosevic, Goran"]
[Black "Kamber, Bruno"]
[Result "1/2-1/2"]
[WhiteElo "2370"]
[BlackElo "2375"]

1.e4 c5 2.Nf3 e6 3.d4 cxd4 4.Nxd4 Nc6 5.Nc3 Qc7 6.g3 d6 7.Bg2 Nxd4 8.Qxd4 Bd7
9.O-O Nf6 10.Qd3 Be7 11.Bf4 O-O 12.Rfd1 e5 13.Bg5 Be6 14.Bxf6 Bxf6 15.Qxd6 Qxd6
16.Rxd6 Rfc8 17.a3 h5 18.h4 Rc5 19.Kh2 Bd8 20.Rc1 Bc7 21.Rd3 Bc4 22.Rd2 Be6
23.Nd5 Bxd5 24.Rxd5 Rxd5 25.exd5 Bd6 26.c4 b6 27.Bh3 a5 28.Bd7 a4 29.Re1 g6
30.Kh3 f5 31.f3 Ra7 32.Bc6 Kf7 33.g4 hxg4+ 34.fxg4 e4 35.h5 Kf6 36.hxg6 Kxg6  1/2-1/2

[Event "SWZ-chT9697"]
[Site "SWZ"]
[Date "1997.??.??"]
[Round "?"]
[White "Kiefer, Gerhard"]
[Black "Summermatter, Daniel"]
[Result "1-0"]
[WhiteElo "2250"]
[BlackElo "2320"]

1.e4 c5 2.Nf3 e6 3.d4 cxd4 4.Nxd4 Nc6 5.Nc3 a6 6.Be2 Nge7 7.Be3 b5 8.O-O Nxd4
9.Qxd4 Nc6 10.Qd2 d6 11.Bg5 f6 12.Bf4 Be7 13.a4 b4 14.Na2 O-O 15.Rfd1 Qa5
16.Nc1 Rd8 17.Nb3 Qc7 18.a5 Qb7 19.Be3 Bf8 20.Bb6 Re8 21.f4 Kh8 22.Bf3 e5
23.f5 Qf7 24.Qe2 Bb7 25.Rd3 Rec8 26.Bh5 Qc4 27.Rc1 Ne7 28.Nd2 Qb5 29.Bf7 d5
30.Qh5 Qxd3 31.cxd3 Rxc1+ 32.Kf2 Rc2 33.Ke1 dxe4 34.dxe4 Bc6 35.Kd1 Rxb2
36.Kc1 Rxd2 37.Kxd2 Bxe4 38.Be6 g6 39.Qh4 Bxf5 40.Qxf6+ Bg7 41.Qxe7 Bh6+  1-0

[Event "SWZ-chT9697"]
[Site "SWZ"]
[Date "1997.??.??"]
[Round "?"]
[White "Silva, Marco"]
[Black "Begovac, Franja"]
[Result "0-1"]
[WhiteElo "2110"]
[BlackElo "2425"]

1.e4 c5 2.Nf3 e6 3.d4 cxd4 4.Nxd4 Nc6 5.Nc3 a6 6.Nxc6 bxc6 7.Bd3 d5 8.O-O Nf6
9.Re1 Be7 10.e5 Nd7 11.Qg4 g6 12.Bh6 Rb8 13.Qh3 Bf8 14.Bxf8 Kxf8 15.Qh6+ Kg8
16.b3 Qf8 17.Qxf8+ Kxf8 18.Na4 c5 19.Rad1 Ke7 20.f4 Bb7 21.Rd2 h5 22.h4 Bc6
23.Nc3 Bb5 24.Red1 Rhc8 25.g3 c4 26.bxc4 Bxc4 27.Ne2 Rb2 28.c3 Rxd2 29.Rxd2 Bxd3
30.Rxd3 Nc5 31.Rd2 Ne4 32.Rc2 Rc4 33.Kg2 Kd7 34.Kf3 Nc5 35.Ke3 Re4+ 36.Kf3 Kc7
37.Rd2 Rc4 38.Ke3 Re4+ 39.Kf3 Ra4 40.Ke3 Ne4 41.Rc2 Ra3 42.Kd4 Kc6 43.Rb2 Ra4+
44.Ke3 Kc7 45.Rc2 Ra3 46.Kd4 Kb6 47.Rb2+ Kc6 48.Rc2 Ra4+ 49.Kd3 Kc5 50.Rb2 Nf2+
51.Kc2 Ra3 52.Kb1 Ne4 53.Rb3 Ra5 54.Kb2 Kc4 55.Rb7 Rb5+ 56.Rxb5 axb5 57.Kc2 Nc5
58.Ng1 Ne4 59.Ne2 Nf2 60.Kd2 b4 61.cxb4 Kxb4 62.Ke3 Ne4 63.Kf3 Nc3 64.Nc1 Ka3
65.g4 Nxa2 66.gxh5 gxh5 67.Ne2 Kb3 68.Ng3 d4 69.Ke4 Kc4 70.Nxh5 Nc3+ 71.Kf3 d3
72.Ke3 Nd5+ 73.Kd2 Kd4 74.f5 exf5 75.Ng7 Ne3 76.e6 Nc4+ 77.Ke1 fxe6 78.Nxe6+ Ke3  0-1

[Event "EST-ch (Women)"]
[Site "Tallinn"]
[Date "1997.??.??"]
[Round "1"]
[White "Tsiganova, Monika"]
[Black "Fomina, Tatyana"]
[Result "1-0"]
[WhiteElo "2245"]
[BlackElo "2265"]

1.e4 c5 2.Nf3 e6 3.d4 cxd4 4.Nxd4 Nc6 5.Nc3 d6 6.g3 Nxd4 7.Qxd4 Ne7 8.Be3 Nc6
9.Qd2 Be7 10.O-O-O a6 11.h4 b5 12.Bg5 f6 13.Be3 Bd7 14.f4 Qa5 15.Kb1 O-O
16.Bh3 Rfd8 17.g4 Rac8 18.Qf2 Rb8 19.g5 b4 20.Ne2 e5 21.gxf6 Bxf6 22.Rxd6 b3
23.cxb3 Nb4 24.Nc3 Bc6 25.Rxc6 Nxc6 26.Be6+ Kh8 27.f5 Nb4 28.h5 h6 29.Rf1 Nd3
30.Qh2 Qc7 31.Nd5 Rxd5 32.Bxd5 Nf4 33.Rc1 Qd6 34.Rc6 Qb4 35.Bxf4 exf4 36.Qxf4 Bg5
37.Qf2 Rd8 38.a3 Qe7 39.Qc5 Qe8 40.Rxa6 Qxh5 41.Rg6 Qh4 42.Rd6 Re8 43.Qc6 Rf8
44.a4 Qg3 45.Re6 Qb8 46.Qb7 Qf4 47.Qb4 Rd8 48.Qd4 h5 49.Rg6 Rd7 50.Qd1 Qh4
51.Qg1 Bd8 52.Rh6+  1-0